000 00272nam a2200121 a 4500
005 20260322212020.0
008 data
092 _a342
110 2 _aCars (Musical group)
245 1 4 _aThe Cars greates hits
_cCars (Musical group).
260 _aNew York
_bElektra
_c1985
001 data
999 _c449
_d449